• 首页
  • 本馆介绍
  • 公告通知
  • 最新文献
  • 馆藏检索
  • 电子资源
  • 读者导购
  • 参考咨询
  • 我的图书馆
  • 登录
  • 详细信息显示
  • 放入我的书架
  • 预约/预借图书
  • 作者相关作品
  • 分类相关作品
  • 丛书相关作品
  • 出版社相关作品

书目信息

  • 表格格式
  • 工作单格式
  • 卡片格式
题名:
宇宙线天体物理学实验和理论基础
    
 
作者: 多尔曼 著 ;周志文 , 朱邦耀 , 周定伍 译
分册:  
出版信息: 北京   科学出版社  1987.03
页数: 308页
开本: 26cm
丛书名:
单 册:
中图分类: P14
科图分类:
主题词: 天体物理学
电子资源:
ISBN:
000 00753nam0 2200241 45
001 0409081604
005 20040908164648.5
010    @dCNY4.75
091    @a13031.3470
100    @a20040908d1987 km y0chiy0120 ea
101 0  @achi
105    @a z 000yy
200 1  @a宇宙线天体物理学实验和理论基础@AYu Zhou Xian Tian Ti Wu Li Xue Shi Yan He Li Lun Ji Chu@f(苏)Л·И·多尔曼著@F(Su)Л·И·Duo Er Man Zhu@g周志文,朱邦耀,周定伍译
210    @a北京@c科学出版社@d1987.03
215    @a308页@d26cm
606 0  @a天体物理学
690    @aP14@v3
701  0 @a多尔曼@4著
702  0 @a周志文@AZhou Zhi Wen@4译
702  0 @a朱邦耀@AZhu Bang Yao@4译
702  0 @a周定伍@AZhou Ding Wu@4译
801    @aCN@bPftUser@c20040908
905    @f1@b204487@dP14@e56
    
    宇宙线天体物理学实验和理论基础/(苏)Л·И·多尔曼著/周志文,朱邦耀,周定伍译.-北京:科学出版社,1987.03
    308页;26cm
    
    
    ISBN :CNY4.75
    
●
相关链接 在E读中查询图书 在五车中查询图书 在当当中查询图书 在豆瓣中查询图书


正题名:宇宙线天体物理学实验和理论基础     索取号:P14/56         预约/预借

序号 登录号 条形码 馆藏地/架位号 状态 备注
1 0204487   001949921   第三借阅区/ [索取号:P14/56] 在馆    
2 0204488   000628734   第二样本阅览室/ [索取号:P14/56] 在馆    
唐山师范学院图书馆 欢迎您!
大连网信软件有限公司© 版权所有